| 000 | 00588nam a22001937a 4500 | ||
|---|---|---|---|
| 999 |
_c6069 _d6069 |
||
| 003 | AR-CdUCM | ||
| 008 | 190313b ||||| |||| 00| 0 spa d | ||
| 020 | _a84-239-0574-8 | ||
| 040 |
_aMUNICIPALIDAD PROVINCIAL DEL CUSCO _cBIBLIOTECA MUNICIPAL DEL CUSCO |
||
| 082 |
_26ed. _a800.8 / _bV39 |
||
| 100 |
_aVega Carpio, Lope _917674 |
||
| 245 |
_aLa dama boba ; _aLa niña de plata / |
||
| 260 |
_aMadrid : _bEspasa-Calpe, _c1973. |
||
| 300 |
_a215 páginas ; _c18 cm. |
||
| 440 |
_aColección Austral. _n574 _917675 |
||
| 650 |
_aTeatro español _9648 |
||
| 942 |
_2ddc _cLIBROS |
||
| 945 | _azta | ||